Matemáticas : 100 conceptos /

Na minha lista:
Detalhes bibliográficos
Autor principal: Freiberger, Marianne (autor)
Outros Autores: Thomas, Rachel (autor) (autor), Brown, Tim (ilustración) (ilustración)
Formato: Livro
Idioma:espanhol
Publicado em: Madrid, España : Librero, 2025, c2025
Assuntos:
Tags: Adicionar Tag
Sem tags, seja o primeiro a adicionar uma tag!

MARC

LEADER 00000nam^a2200000^a^4500
001 000625276
005 20251208000000.0
009 20260310134012.686
020 |a 978-90-8998-779-2 
037 |a Acervo ITESO - Biblioteca 
041 |a ESP 
082 |a 510.  |b FRE 
100 |a Freiberger, Marianne  |e (autor) 
245 1 0 |a Matemáticas :  |b 100 conceptos /  |c M. Freiberger, R. Thomas ; il. de T. Brown ; tr. por Montserrat Ribas. 
264 4 |a Madrid, España :  |b Librero,  |c 2025, c2025 
300 |a 256 p. 
336 |a texto  |b txt  |2 rdacontenido 
337 |a sin mediación  |b n  |2 rdamedio 
338 |a volumen  |b nc  |2 rdasoporte 
500 |a Traducción de: Math Squared. 100 Concepts You Should Know 
521 |a Librerías 2025 Gandhi 
649 |a XX 
650 |a Números 
650 |a Algebra 
650 |a Cálculo 
650 |a Geometría 
650 |a Azar 
650 |a Lógica 
650 |a Matemáticas -  |x Generalidades 
650 |a Matemáticas -  |x Difusión -  |x Tema Principal 
650 |a Matemáticas -  |x Tema Principal 
700 |a Thomas, Rachel  |e (autor) 
700 |a Brown, Tim  |e (ilustración) 
910 |a Fondo General 
920 |a Impresos - Libros 
930 |a Colección General 
905 |a 101 
901 |a 625607-10  |b IT1  |c ACC  |i C191208  |u 20251208 
902 |a https://opac.biblio.iteso.mx/vufind/Record/000625276